000 00503nam a2200181Ia 4500
003 GCL
008 140319s9999 xx 000 0 ara d
040 _aGCL /
_cGCL
082 0 4 _a301.2
_bى ث
100 1 _aيوسف ميخائيل اسعد
245 1 0 _aالثقافة بين الادب والفن /
_cيوسف ميخائيل اسعد
300 _a268 ص
490 _aكتاب
_v0
650 0 4 _aالادب
650 0 4 _aالثقافة
650 0 4 _aالانثربولوجيا
942 _2ddc
_cBK
999 _c41381
_d41381